000 00608cam a2200169ma 4500
001 000016346
005 20200929164401.0
008 790223s1959 mx a 000 0 spa
040 _aDO-SdBNP
_bspa
_cBNPHU
082 _axxxx
_bV297a
100 1 _aVargas, José María.
_936460
245 1 3 _aEl arte ecuatoriano. /
_cFray José Maria Vargas O.P.
260 _aPuebla, México :
_bJ. M. Cajica, Jr. S. A,
_c1959.
300 _a575 p. :
_bils., retr. ;
_c22 cm.
490 1 _aBiblioteca ecuatoriana mínima.
_aLa colonia y la república
830 0 _aBiblioteca ecuatoriana mínima.
_pColonia y la república
_936461
999 _c15881
_d15881